[Event "Vrindavana MMT op"]
[Site "Mathura"]
[Date "2023.04.23"]
[Round "1"]
[White "Chatterjee, KK."]
[Black "Arvind, Kumar1111"]
[Result "1-0"]
[WhiteElo "2085"]
[BlackElo "1276"]
[PlyCount "63"]
[EventDate "2023.04.23"]
[EventType "swiss"]
[EventRounds "9"]
[EventCountry "IND"]
[SourceTitle "CBM 213 Extra"]
[Source "ChessBase"]
[SourceDate "2023.05.31"]
[SourceVersion "1"]
[SourceVersionDate "2023.05.31"]
[SourceQuality "1"]

1. e4 c5 2. Nf3 g6 3. Bc4 e6 4. d4 Bg7 5. 0-0 cxd4 6. Nxd4 Nf6 7. e5 Ne4 8. f3 Nc5 9. b4 Na4 10. f4 0-0 11. Bb3 Nb6 12. Nd2 d6 13. N2f3 dxe5 14. Nxe5 Qe7 15. Qe1 N8d7 16. Ndf3 Nxe5 17. fxe5 Qc7 18. Qh4 f6 19. Bh6 fxe5 20. Bxg7 Qxg7 21. Ng5 Bd7 22. Bxe6+ Bxe6 23. Nxe6 Rxf1+ 24. Rxf1 g5 25. Nxg5 Qg6 26. Nf7 Re8 27. Rf5 Qxf7 28. Rxf7 Kxf7 29. Qxh7+ Kf6 30. Qe4 Re7 31. g4 Nc8 32. Qf5+ 1-0

[Event "Bhubaneswar op 6th"]
[Site "Bhubaneswar"]
[Date "2014.05.24"]
[Round "1"]
[White "Amonatov, Farrukh"]
[Black "Chatterjee, KK."]
[Result "1-0"]
[WhiteElo "2609"]
[BlackElo "2227"]
[PlyCount "69"]
[EventDate "2014.05.24"]
[EventType "swiss"]
[EventRounds "10"]
[EventCountry "IND"]
[SourceTitle "EXT 2015"]
[Source "ChessBase"]
[SourceDate "2014.11.20"]
[SourceVersion "1"]
[SourceVersionDate "2014.11.20"]
[SourceQuality "1"]

1. e4 c5 2. Nf3 Nc6 3. d4 cxd4 4. Nxd4 Qc7 5. Nc3 e6 6. Be3 a6 7. Qd2 Nf6 8. 0-0-0 Bb4 9. f3 d5 10. a3 Ba5 11. Nb3 Bxc3 12. Qxc3 dxe4 13. Bc5 Ne7 14. Qe1 b6 15. Bd6 Qb7 16. Nd4 0-0 17. fxe4 Ne8 18. Bb4 a5 19. Bc3 Nf6 20. Bd3 Re8 21. Nb5 Qb8 22. Rf1 Ng6 23. e5 Nd5 24. Nd6 Rf8 25. Bd4 Ra7 26. Bxg6 hxg6 27. Qh4 Ba6 28. Ne4 f6 29. Rf2 g5 30. Qh3 Rc8 31. exf6 e5 32. Qb3 exd4 33. Qxd5+ Kh8 34. f7 Rf8 35. Nxg5 1-0

[Event "Goodricke op 05th"]
[Site "Kolkata"]
[Date "1994.??.??"]
[Round "5"]
[White "Girinath, PDS"]
[Black "Chatterjee, KK."]
[Result "1-0"]
[WhiteElo "2330"]
[BlackElo "2240"]
[PlyCount "58"]
[EventDate "1994.02.??"]
[EventType "swiss"]
[EventRounds "11"]
[EventCountry "IND"]
[SourceTitle "CBM 039 Extra"]
[Source "ChessBase"]
[SourceDate "1994.05.01"]
[SourceVersion "1"]
[SourceVersionDate "1994.05.01"]
[SourceQuality "1"]

1. e4 e5 2. Nf3 Nc6 3. Nc3 Nf6 4. Bb5 d6 5. d4 exd4 6. Qxd4 Bd7 7. Bxc6 Bxc6 8. Bg5 Be7 9. 0-0-0 0-0 10. h4 Ng4 11. Qd2 Bf6 12. Bxf6 Nxf6 13. Nd4 Qd7 14. f3 Rfd8 15. g4 a5 16. h5 a4 17. Rh2 a3 18. b3 Qe7 19. g5 Ne8 20. Re1 Qe5 21. f4 Qa5 22. g6 fxg6 23. hxg6 h6 24. Nf5 Rd7 25. Qd4 Qc5 26. Qxc5 dxc5 27. e5 c4 28. bxc4 Ra5 29. Rd2 Kf8 1-0